| 000 | 00798nam a22002417a 4500 | ||
|---|---|---|---|
| 999 |
_c15292 _d15292 |
||
| 003 | MIRAKIL | ||
| 005 | 20240206151158.0 | ||
| 008 | 240206b tu ||||| |||| 00| 0 tur d | ||
| 020 | _a9786052954027 | ||
| 040 |
_aTR-AnCHP _cTR-AnCHP |
||
| 041 | _aTürkçe | ||
| 082 |
_a188 _bA86K 2020 |
||
| 090 | _a188 18 A86K 2020 | ||
| 100 | _aAurelius, Marcus | ||
| 245 | 1 | 0 |
_aKendime düşünceler / _cMarcus Aurelius ; çeviren : Y. Emre Ceren ; editör : Koray Karasulu |
| 250 | _a10. bs. | ||
| 260 |
_aİstanbul _bTürkiye İş Bankası Kültür _c2020 |
||
| 300 |
_a144 s. _c21 cm. |
||
| 490 | 0 |
_aİş Bankası Kültür yayınları : _v4142 |
|
| 650 | 0 |
_934 _aFelsefe _xStoacılık |
|
| 856 | _zDijital Nüshası için Partimizin Kütüphane Sorumlusu ile iletişime geçiniz. | ||
| 942 |
_2ddc _cBKS |
||